| 000 | 00808nmc a2200301 a 4500 | ||
|---|---|---|---|
| 003 | AR-BaBNM | ||
| 005 | 20251128211430.0 | ||
| 008 | 144020s1999 ||||||||||||||000 | spa|| | ||
| 020 | _a0-582-31913-7 | ||
| 040 | _cAR-BaBNM | ||
| 100 | 1 | _aShipton, Paul | |
| 245 | 1 | 0 | _aGhost in the guitar |
| 260 |
_aEssex _bAddison Wesley Longman Limited _c1999 |
||
| 300 | 0 |
_a48 p. _bil. |
|
| 490 | 0 |
_aPenguin readers. Level 3 _vv. 3 |
|
| 650 | 4 | _aLITERATURA INGLESA | |
| 650 | 4 | _aINGLES | |
| 650 | 4 | _aACTIVIDADES DE APRENDIZAJE | |
| 650 | 4 | _aENSENANZA DE SEGUNDA LENGUA | |
| 653 | 0 | _aLITERATURA JUVENIL | |
| 653 | 0 | _aADAPTACIONES LITERARIAS | |
| 655 | _aLITERATURA | ||
| 700 | 1 |
_aLockhart, Derek _eilustrador |
|
| 800 | 1 | _aHopkins, Andy | |
| 800 | 1 | _aPotter, Jocelyn | |
| 942 | _cBK | ||
| 998 | _cmartin | ||
| 999 |
_c19669 _d19669 |
||